Simply Vegitarien (Record no. 5867)
[ view plain ]
| 000 -LEADER | |
|---|---|
| fixed length control field | 00219nam a22000857a 4500 |
| 008 - FIXED-LENGTH DATA ELEMENTS--GENERAL INFORMATION | |
| fixed length control field | 170131b xxu||||| |||| 00| 0 eng d |
| 100 ## - MAIN ENTRY--PERSONAL NAME | |
| 9 (RLIN) | 2706 |
| Personal name | Kapoor.s |
| 245 ## - TITLE STATEMENT | |
| Title | Simply Vegitarien |
| 260 ## - PUBLICATION, DISTRIBUTION, ETC. (IMPRINT) | |
| Place of publication, distribution, etc. | New Delhi |
| Name of publisher, distributor, etc. | Populare Press |
| Date of publication, distribution, etc. | 2005 |
| Withdrawn status | Lost status | Source of classification or shelving scheme | Damaged status | Koha normalized classification for sorting | Not for loan | Home library | Current library | Shelving location | Date acquired | Total Checkouts | Full call number | Barcode | Date last seen | Price effective from | Koha item type |
|---|---|---|---|---|---|---|---|---|---|---|---|---|---|---|---|
| Dewey Decimal Classification | KAP_430_000000000000000_C7 | Good Samaritan School Library | Good Samaritan School Library | Home Science | 01/31/2017 | KAP430 C-7 | KAP4189 | 01/31/2017 | 01/31/2017 | Reference | |||||
| Dewey Decimal Classification | 430_000000000000000 | Good Samaritan School Library | Good Samaritan School Library | German | 01/31/2017 | 430 | KAP4190 | 01/31/2017 | 01/31/2017 | BOOK | |||||
| Dewey Decimal Classification | KAP_648_000000000000000_C7 | Good Samaritan School Library | Good Samaritan School Library | Home Science | 01/31/2017 | KAP648 C-7 | KAP4191 | 01/31/2017 | 01/31/2017 | Reference |